The gentle craft of revision in Thomas Dekker's last plays /

Bibliographic Details
Main Author: Bose, Tirthankar
Format: Book
Language:English
Published: Salzburg : Institut fur Anglistik und Amerikanistik, Universitat Salzburg, 1979.
Series:Salzburg studies in English literature.
Salzburg studies in English literature. Jacobean drama studies ; 87.
Subjects:

MARC

Tag First Indicator Second Indicator Subfields
LEADER 00000cam a2200000 a 4500
001 in00000083878
005 20151008054330.0
008 800422s1979 au b 00010 eng d
035 |a (OCoLC)06229837 
035 |9 AAJ0344AM 
040 |a IBV  |c IBV  |d m.c.  |d TXA  |d UtOrBLW 
049 |a TXAM  |c [1803963] 
090 |a PR2495  |b .B67 
100 1 |a Bose, Tirthankar. 
245 1 4 |a The gentle craft of revision in Thomas Dekker's last plays /  |c by Tirthankar Bose. 
264 1 |a Salzburg :  |b Institut fur Anglistik und Amerikanistik, Universitat Salzburg,  |c 1979. 
300 |a iv, 98 pages ;  |c 21 cm. 
336 |a text  |b txt  |2 rdacontent 
337 |a unmediated  |b n  |2 rdamedia 
338 |a volume  |b nc  |2 rdacarrier 
490 1 |a Salzburg studies in English literature 
490 1 |a Jacobean drama studies ;  |v 87 
500 |a Revision of author's thesis. 
504 |a Bibliography: pages 93-98. 
600 1 0 |a Dekker, Thomas,  |d approximately 1572-1632  |x Criticism and interpretation. 
830 0 |a Salzburg studies in English literature. 
830 0 |a Salzburg studies in English literature.  |p Jacobean drama studies ;  |v 87. 
999 |a MARS 
999 f f |s 2b57db42-c87f-3555-8e5b-c29404e616fe  |i c235eee8-78ee-3f72-aded-69fd428e70f5  |t 0 
952 f f |p normal  |a Texas A&M University  |b College Station  |c Sterling C. Evans Library  |d Evans: Library Stacks  |t 0  |e PR2495 .B67  |h Library of Congress classification  |i unmediated -- volume  |m A14806183942 
998 f f |a PR2495 .B67  |t 0  |l Evans: Library Stacks